000 00513nam a2200217Ia 4500
008 101110s9999 xx 000 0 und d
041 _aENGLISH
082 _bJR4324
_a823
100 _aHariharan Githa
245 _aArt of dying and other stories
260 _c1993
300 _a166
365 _b150
520 _aEnglish
546 _aENGLISH
630 _aArt of dying and other stories
650 _aEnglish
655 _aEnglish
730 _aArt of dying and other stories
942 _cBOOK
999 _c795232
_d795229